Centrum chorvátskej kultúry, Jarovce

Na minha lista:
Detalhes bibliográficos
Autor principal: Onishchenko, Sofia (Author)
Outros Autores: Pauliny, Pavol (Thesis advisor)
Formato: Manuscrito Livro
Idioma:eslovaco
Publicado em: 2025
Assuntos:
Acesso em linha:http://is.stuba.sk/zp/portal_zp.pl?podrobnosti=172734
Tags: Adicionar Tag
Sem tags, seja o primeiro a adicionar uma tag!

MARC

LEADER 00000ntm a22000003a 4500
001 stuzp104820
003 SK-STU
005 20250614213401.0
007 ta
008 150427s2015----xo-----f-mn---000-0-slo-d
040 |a STU  |b slo 
041 0 |a slo 
100 1 |a Onishchenko, Sofia  |u 053130  |4 aut  |U FAD Fakulta architektúry a dizajnu  |T FAD Ústav dejín a teórie architektúry a obnovy pamiatok  |X 117809  |U A3130  |Y 394  |7 117809 
242 0 1 |a Croatian Cultural Center, Jarovce  |y eng 
245 1 0 |a Centrum chorvátskej kultúry, Jarovce 
260 |c 2025 
650 4 |a Croats in Slovakia  |2 eng 
650 4 |a cultural center  |2 eng 
650 4 |a social-cultural life  |2 eng 
650 4 |a spoločensko-kulturný život  |2 slo 
650 4 |a centrum kultúry  |2 slo 
650 4 |a Chorvaty na Slovensku  |2 slo 
700 1 |a Pauliny, Pavol  |u 053130  |k Z1  |4 ths  |U FAD Fakulta architektúry a dizajnu  |T FAD Ústav dejín a teórie architektúry a obnovy pamiatok  |X 474  |U A3130  |Y 394  |7 474 
856 4 |u http://is.stuba.sk/zp/portal_zp.pl?podrobnosti=172734